Đối xứng trong thế giới phân tử

Đã lưu trong:
書目詳細資料
主要作者: I S Dmitriev
格式: 圖書
語言:Undetermined
出版: Hà Nội KHKT 1983
主題:
標簽: 添加標簽
沒有標簽, 成為第一個標記此記錄!
Thư viện lưu trữ: Trung tâm Học liệu Trường Đại học Cần Thơ
LEADER 00507nam a2200181Ia 4500
001 CTU_2769
008 210402s9999 xx 000 0 und d
082 |a 541.22 
082 |b D628 
100 |a I S Dmitriev 
245 0 |a Đối xứng trong thế giới phân tử 
245 0 |c I S Dmitriev, Trần Hiệp Hải 
260 |a Hà Nội 
260 |b KHKT 
260 |c 1983 
650 |a molecules 
904 |i Minh, 960829 
980 |a Trung tâm Học liệu Trường Đại học Cần Thơ